000 00561cam a22002291 4500
001 ne 65000131
003 DLC
005 20260227111810.0
008 890402s1964 xx b 000 0 ara
010 _ane 65000131
035 _a(OCoLC)23519301
040 _aDLC
_cMiU
_dDLC
042 _apremarc
050 0 0 _aDS149
_b.B96
100 1 _aBurj, Muḥammad ʻAbd al-Raḥmān.
245 1 0 _aTaḥāluf al-Ṣihyūnīyah.
260 _c1964.
300 _a187 p.
_bmap.
_c24 cm.
500 _aRomanized.
650 0 _aZionism
650 0 _aWorld politics
999 _c47867
_d47867